Biblioteka Instytutu Północnego w Olsztynie

Poznajemy parki krajobrazowe Warmii i Mazur : (Rekord nr 27346)

Szczegóły MARC
000 -Nagłówek
fixed length control field 01527nam a2200397 i 4500
001 - Nr kontrolny bibl., która utworzyła rek.
control field xx005915952
003 - Siglum bibl., której nr kontr. jest w 001
control field NUKAT
005 - Data i czas ostatniej operacji
control field 20260330124806.0
008 - Elementy pola stałej długości
fixed length control field 260330s2017 pl a |000 0 pol c
020 ## - ISBN
ISBN 9788393915217
dopowiedzenie (oprawa miękka)
035 ## - Systemowy numer kontrolny
systemowy numer kontrolny (NUKAT)xx005915952
040 ## - Instytucja sporządzająca opis
Instytucja, która sporządziła opis OLSZT 008/bak
język katalgowania-trzyzn. kod pol
zasady opisu rda
Instytucja, która sporządziła rekord OLSZT 008/bak
046 ## - Kod rodz. daty, data1, data2 (daty pne)
Begin/single date 2017
245 00 - Tytuł właściwy i oznaczenie odpow.
tytuł Poznajemy parki krajobrazowe Warmii i Mazur :
dodatek do tytułu praca zbiorowa.
260 ## - Adres wydawniczy
miejsce wydania, dystrybucji itp. Giżycko :
nazwa wydawcy, dystrybutora itp. Fundacji Ochrony Wielkich Jezior Mazurskich. Mazurskie Centrum Edukacji Ekologicznej,
data wydania, dystrybucji itp. 2017.
300 ## - Opis fizyczny
objętość i/lub forma materiału 91, [5] stron :
inne szczegóły opisu fizycznego ilustracje kolorowe ;
format 21 cm.
336 ## - Content Type
Term Tekst
Code txt
Source rdacontent
336 ## - Content Type
Term Obraz
Code sti
Source rdacontent
337 ## - Media Type
Term Bez urządzenia pośredniczącego
Code n
Source rdamedia
338 ## - Carrier Type
Term Wolumin
Code nc
Source rdacarrier
380 ## - Form of work
Form of work Książki
380 ## - Form of work
Form of work Publikacje popularnonaukowe
388 1# - TIME PERIOD OF CREATION
Time period of creation term 2001-
500 ## - Uwaga ogólna
uwaga ogólna Dodatek do tytułu na 2 stronie okładki.
536 ## - Uwaga o finansowaniu dokumentu
tekst uwagi Przygotowanie i druk sfinansowano ze środków Wojewódzkiego Funduszu Ochrony Środowiska i Gospodarki Wodnej w Olsztynie
650 #7 - Hasło przedmiotowe-nazwa pospolita
nazwa pospolita lub geogr. Parki krajobrazowe
źródło hasła DBN
9 (RLIN) 39201
651 #7 - Hasło przedmiotowe-nazwa geogr.
nazwa geograficzna Mazury
źródło hasła DBN
9 (RLIN) 35176
651 #7 - Hasło przedmiotowe-nazwa geogr.
nazwa geograficzna Polska
źródło hasła DBN
9 (RLIN) 35076
651 #7 - Hasło przedmiotowe-nazwa geogr.
nazwa geograficzna Warmia
źródło hasła DBN
9 (RLIN) 35166
655 #7 - Termin określający rodzaj/formę
rodzaj/forma Praca zbiorowa
źródło terminu DBN
9 (RLIN) 35107
655 #7 - Termin określający rodzaj/formę
rodzaj/forma Publikacja bogato ilustrowana
źródło terminu DBN
9 (RLIN) 35165
658 ## - Nazwa określająca cel programu nauczania
główny cel programu nauczania Ochrona środowiska
710 2# - Hasło dodatkowe - nazwa ciała zbior.
nazwa ciała zbior. lub nazwa geogr. Mazurskie Centrum Edukacji Ekologicznej (Giżycko).
rodzaj współpracy Wydawca
kod rodzaju współpracy pbl
9 (RLIN) 39199
920 ## - ISBN
ISBN 978-83-939152-1-7 (oprawa miękka)
942 ## - ADDED ENTRY ELEMENTS (KOHA)
Source of classification or shelving scheme Dewey Decimal Classification
Koha item type pozycje dostępne na miejscu
Egzemplarze
Status wycofania Status zagubienia Klasyfikacja Status uszkodzenia Blokada wypożyczeń Kolekcja Lokalizacja macierzysta Lokalizacja bieżąca Data nabycia Numer akcesji Źródło akcesji Cena Nr inwentarzowy il. wypożyczeń Sygnatura Kod kreskowy Date last seen Price effective from Typ egz.
    Dewey Decimal Classification nieuszkodzona   książka w magazynie Biblioteka Instytutu Północnego w Olsztynie Biblioteka Instytutu Północnego w Olsztynie 26/06/2019 D-31/2019 dar 10.00 59802   59802 IPWK21499 30/03/2026 30/03/2026 pozycje dostępne na miejscu
Biblioteka Instytutu Północnego, ul. Partyzantów 87, 10-402 Olsztyn, email: biblioteka(at)ip.olsztyn.pl